000 00350nam a2200145Ia 4500
005 20250404035008.0
008 240331s9999 xx 000 0 und d
082 _bSOM
_a894
100 _aSomu, M
245 0 _aNamakkendroru boomi
260 _aMadurai
_bMeenakshi Puthaka Nilayam
_c1984
300 _a128 p .,
650 _aShort Stories
942 _cL
999 _c3802
_d3802